000 00650naa a2200217 i 4500
001 58174
003 ES-MaBCM
005 20241016111954.0
008 990204s1998 fra 000 0 fre d
021 _axx
035 _a(OCoLC)1365142598
040 _cES-MaBCM
041 0 _afre
043 _afra
100 1 _aNovak, Miroslav
_933830
245 1 0 _aLes leçons du divorce Tchecoslovaque cinq ans après
_cMiroslav Novak
651 2 0 _aChecoslovaquia
_9125980
650 2 7 _aSituación política
_960283
773 0 _aEn:
_tLa revue administrative
_dParis : 1998
_w104665
_g51 année, nº 303, ma¾-juin, p. 414-419. - Loc. S.1bis
942 _cAREV
999 _c58174
_d58174